Examen psicológico del niño / (Record no. 48943)

MARC details
000 -LEADER
campo de control de longitud fija 00679nam a2200229 i 4500
001 - NÚMERO DE CONTROL
campo de control 48943
003 - IDENTIFICADOR DE NÚMERO DE CONTROL
campo de control ES-MaACL
005 - FECHA Y HORA DE LA ÚLTIMA TRANSACCIÓN
campo de control 20230906161842.0
007 - CAMPO FIJO DE DESCRIPCIÓN FÍSICA--INFORMACIÓN GENERAL
campo de control de longitud fija t|
008 - DATOS DE LONGITUD FIJA--INFORMACIÓN GENERAL
campo de control de longitud fija 030702s1971 sp |||| | spa d
080 ## - NÚMERO DE LA CLASIFICACIÓN DECIMAL UNIVERSAL
Número de la Clasificación Decimal Universal 159.922.74
100 1# - ENTRADA PRINCIPAL--NOMBRE DE PERSONA
Nombre de persona Corman, Louis.
9 (RLIN) 40594
245 10 - MENCIÓN DEL TÍTULO
Título Examen psicológico del niño /
Mención de responsabilidad, etc. Louis Corman ; [versión de Josep A. Pombo].
260 ## - PUBLICACIÓN, DISTRIBUCIÓN, ETC.
Lugar de publicación, distribución, etc. Barcelona :
Nombre del editor, distribuidor, etc. Herder,
Fecha de publicación, distribución, etc. 1971.
300 ## - DESCRIPCIÓN FÍSICA
Extensión 303 p. ;
Dimensiones 22 cm.
490 1# - MENCIÓN DE SERIE
Mención de serie Biblioteca de psicología ;
Designación de volumen o secuencia 2
650 04 - PUNTO DE ACCESO ADICIONAL DE MATERIA--TÉRMINO DE MATERIA
Término de materia o nombre geográfico como elemento de entrada Niños-
Subdivisión general Psicología.
9 (RLIN) 15554
700 1# - ENTRADA AGREGADA--NOMBRE PERSONAL
Nombre de persona Pombo, Josep A.
9 (RLIN) 92907
830 0# - PUNTO DE ACCESO ADICIONAL DE SERIE-TÍTULO UNIFORME
Título uniforme Biblioteca de psicología ;
Designación de volumen o secuencia 2
9 (RLIN) 180745
852 ## - LOCALIZACIÓN
Ubicación ES-MaACL
Número de control de estantería C-44722
Holdings
Estatus retirado Estado de pérdida Estado de daño No para préstamo Biblioteca de origen Biblioteca actual Ubicación en estantería Fecha de adquisición Fuente de adquisición Total de préstamos Signatura topográfica completa Código de barras Visto por última vez Precio de reemplazo Tipo de ítem Koha
        Biblioteca del Ateneo de Madrid Biblioteca del Ateneo de Madrid Depósito 2 17/01/2008     C-44722 1051507 23/02/2023 23/02/2023 Libro impreso